Научные основы проектирования эксцентриковых механизмов свободного хода повышенной нагрузочной способности: автореферат диссертации на соискание ученой степени доктора технических наук; спец. 05.02.02

Մատենագիտական մանրամասներ
Հիմնական հեղինակ: Шарков О. В. Олег Васильевич
Համատեղ հեղինակ: Калининградский государственный технический университет (КГТУ)
Ամփոփում:Защита сост. 27.12.2011 г.
Լեզու:ռուսերեն
Հրապարակվել է: Владимир, 2011
Խորագրեր:
Ձևաչափ: Գիրք
KOHA link:https://koha.lib.tpu.ru/cgi-bin/koha/opac-detail.pl?biblionumber=206617

MARC

LEADER 00000nam0a2200000 4500
001 206617
005 20231101225342.0
035 |a (RuTPU)RU\TPU\book\225248 
090 |a 206617 
100 |a 20120113d2011 k y0rusy50 ca 
101 0 |a rus 
102 |a RU 
105 |a a dm 001zy 
200 1 |a Научные основы проектирования эксцентриковых механизмов свободного хода повышенной нагрузочной способности  |e автореферат диссертации на соискание ученой степени доктора технических наук  |e спец. 05.02.02  |f О. В. Шарков  |g Калининградский государственный технический университет (КГТУ) 
210 |a Владимир  |d 2011 
215 |a 32 с.  |c ил. 
300 |a Защита сост. 27.12.2011 г. 
320 |a Библиогр.: с. 27-32 (68 назв.). 
606 1 |a Муфты сцепные  |x Износ  |x Конструкция и расчет  |2 stltpush  |3 (RuTPU)RU\TPU\subj\44615  |9 63925 
610 1 |a механизмы свободного хода 
610 1 |a конструктивные схемы 
610 1 |a анализ 
610 1 |a мелкомодульные храповые зубья 
610 1 |a зацепления 
610 1 |a геометрия 
610 1 |a напряженно-деформированное состояние 
610 1 |a нагрузочная способность 
610 1 |a триботехнические характеристики 
610 1 |a стендовые испытания 
610 1 |a авторефераты диссертаций 
675 |a 621.825.5(04)  |v 3 
686 |a 05.02.02  |2 oksvnk 
700 1 |a Шарков  |b О. В.  |g Олег Васильевич 
712 0 2 |a Калининградский государственный технический университет (КГТУ)  |c (1994- )  |2 stltpush  |3 (RuTPU)RU\TPU\col\15403 
801 1 |a RU  |b 63413507  |c 20120113 
801 2 |a RU  |b 63413507  |c 20120130  |g RCR 
942 |c BK